30 Largest Cities in Mexico - Statistics

General Stats
  • This quiz has been taken 15 times
  • The average score is 14 of 30
Answer Stats
Hint Answer % Correct
1,385,629 Guadalajara
100%
1,201,000 Merida
100%
12,294,193 Mexico City
100%
1,135,512 Monterrey
100%
1,692,181 Puebla
100%
1,922,523 Tijuana
100%
628,306 Cancun
92%
1,501,551 Ciudad Juarez
92%
925,762 Chihuahua
83%
1,032,686 Mexicali
75%
709,671 Saltillo
75%
722,250 Aguascalientes
67%
722,772 San Luis Potosi
67%
812,229 Hermosillo
58%
735,340 Torreon
58%
1,476,491 Zapopan
42%
808,416 Culiacan
17%
743,275 Morelia
17%
1,645,352 Ecatapec de Morelos
8%
673,616 Guadelupe
8%
673,479 Acapulco de Juarez
0%
726,664 Alvaro Obregon
0%
1,104,585 Ciudad Nezahualcoyotl
0%
620,416 Coyoacan
0%
1,185,772 Gustavo Adolfo Madero
0%
1,815,786 Iztapalapa
0%
1,721,199 Leon de Los Aldama
0%
792,211 Naucalpan de Juarez
0%
1,594,212 Santiago de Queretaro
0%
653,410 Tlalnepantla
0%
No matching quizzes found
Score Distribution
Percent of People with Each Score
Percentile by Number Answered
Your Score History
You have not taken this quiz